|
|
|
|
| LEADER |
00789cam a2200205 7i4500 |
| 001 |
0000027924 |
| 005 |
20120814090000.0 |
| 020 |
0 |
0 |
|a 9789675626104
|
| 090 |
0 |
0 |
|a M 641.39595
|b ISK
|
| 110 |
2 |
0 |
|a Iskandar Regional Development Authority (IRDA)
|
| 245 |
2 |
0 |
|a Invest food and agro processing Iskandar Malaysia :
|b Asia's emerging hi-tech food hub.
|
| 260 |
0 |
0 |
|a Johor Bahru:
|b Iskandar Regional Development Authority (IRDA),
|c 2011.
|
| 300 |
# |
# |
|a 66 p.
|
| 650 |
0 |
0 |
|a Malaysia --
|x Economic policy
|
| 650 |
0 |
0 |
|a Food industry and trade --
|z Malaysia
|
| 650 |
0 |
0 |
|a Iskandar Malaysia
|
| 650 |
0 |
0 |
|a Industrial development projects --
|z Malaysia
|
| 651 |
0 |
0 |
|a Malaysia
|
| 999 |
|
|
|a B000030494
|b Book
|c Products
|e Business Information Centre
|
| 999 |
|
|
|a 0000028824
|b Book
|c Malaysia
|e Business Information Centre
|